000 00339nam a22001457a 4500
005 20161022145628.0
008 161022b xxu||||| |||| 00| 0 eng d
041 _aeng
100 _aGhatak,S
_93612
245 _aMine Pumps,Haulage and Winding
260 _bCoalfield
300 _a520
650 _aMining Engineering
_93615
942 _cBK
999 _c5276
_d5274